Central Library OPAC University of Rajshahi

Political history of ancient India : (Record no. 26808)

MARC details
000 -LEADER
fixed length control field 01054cam a2200289 a 4500
001 - CONTROL NUMBER
control field 26808
003 - CONTROL NUMBER IDENTIFIER
rucl marc code BD-RjUL
005 - DATE AND TIME OF LATEST TRANSACTION
control field 20211209051053.0
008 - FIXED-LENGTH DATA ELEMENTS--GENERAL INFORMATION
fixed length control field 140323s1953 ii a 000 0 eng
020 ## - INTERNATIONAL STANDARD BOOK NUMBER
International Standard Book Number 0195637895
035 ## - SYSTEM CONTROL NUMBER
System control number (BD-RjUL)26879
040 ## - CATALOGING SOURCE
Original cataloging agency DLC
Transcribing agency DLC
Modifying agency DLC
Language of cataloging eng
041 ## - LANGUAGE CODE
Language code of text/sound track or separate title eng
082 00 - DEWEY DECIMAL CLASSIFICATION NUMBER
Classification number 934
Edition number 21
Author mark and year RAP 1953
100 1# - MAIN ENTRY--PERSONAL NAME
Personal name Raychaudhuri, Hemchandra,
Dates associated with a name 1892-1957.
9 (RLIN) 82403
245 10 - TITLE STATEMENT
Title Political history of ancient India :
Remainder of title from the accession of Parikshit to the extinction of the Gupta dynasty /
Statement of responsibility, etc. Hemchandra Raychaudhuri ; with a commentary by B.N. Mukherjee.
250 ## - EDITION STATEMENT
Edition statement 6th ed.
260 ## - PUBLICATION, DISTRIBUTION, ETC. (IMPRINT)
Place of publication, distribution, etc. Delhi ;
-- New York :
Name of publisher, distributor, etc. Oxford University Press,
Date of publication, distribution, etc. 1953.
300 ## - PHYSICAL DESCRIPTION
Pagination xxxv, 849 p. :
Size 23 cm.
504 ## - BIBLIOGRAPHY, ETC. NOTE
Bibliography, etc Includes bibliographical references.
651 #0 - SUBJECT ADDED ENTRY--GEOGRAPHIC NAME
Geographic name India
General subdivision History
Chronological subdivision To 324 B.C.
9 (RLIN) 6158
Geographic name India
General subdivision History
Chronological subdivision 324 B.C.-1000 A.D.
9 (RLIN) 82404
856 42 - ELECTRONIC LOCATION AND ACCESS
Materials specified Publisher description
Uniform Resource Identifier <a href="http://www.loc.gov/catdir/enhancements/fy0636/97122006-d.html">http://www.loc.gov/catdir/enhancements/fy0636/97122006-d.html</a>
942 ## - ADDED ENTRY ELEMENTS (KOHA)
Source of classification or shelving scheme Dewey Decimal Classification
Koha item type Books
Holdings
Lost status Source of classification or shelving scheme Damaged status Not for loan Collection code Permanent Location Current Location Shelving location Date acquired Total Checkouts Full call number Date last seen Copy number Koha item type Source of acquisition Cost, normal purchase price
  Dewey Decimal Classification   Not For Loan Non-fiction Central Library, University of Rajshahi Central Library, University of Rajshahi Reading Room 23/03/2014   934 RAP 1953 23/03/2014 C-1 Books    
  Dewey Decimal Classification     Non-fiction Central Library, University of Rajshahi Central Library, University of Rajshahi   16/02/1955   934 RAP 1953 21/10/2020 C-2 Books Warsi book cor. 20.00